01387cam a22003737a 4500003000500000005001700005008004100022010000900063011000900072035000900081040000900090090001000099100003900109245009900148260004000247300001000287500001200297502009300309590003700402590004100439590004100480590004100521590004100562590004200603650005400645650003500699650004900734650003000783901000700813942001000820949004100830999001500871952012700886CHAP20220329133059.0971013s1990 r 00010 d a1932 a2904 a2104 cCHAP aTesis00aRamírez Juárez, Javier.99407913aLa trasnacionalización de la agricultura en Méxicob: el caso de Tierra Caliente, Guerrero aChapingo, Méx. :bEl Autor,c1990 a92 h. aD43-213 aTesis (Ing. Agr. Esp. en Sociología Rural) -- UACH. Departamento de Sociología Rural aALEPHb10c20130110lUCH01h1210 aBATCH-UPDb10c20130109lUCH01h2330 aBATCH-UPDb10c20130110lUCH01h1117 aBATCH-UPDb10c20130410lUCH01h0708 aBATCH-UPDb10c20130914lUCH01h0840 aCONVERSIONb10c20130109lUCH01h130214aAgriculturaxAspectos economicosxGuerrero.9125214aCapital en agricultura.91871014aEmpresas comerciales internacionales.93665314aMelónxGuerrero.974461 aBK cTESIS bBCcTESd-11602eTS1h24223i2104si c1932d1932 00102local4051708TESISaBCbBCcPA_TESISd2019-12-31fTESISl0oTesisp-11602r2019-12-31 00:00:00w2019-12-31yTESIS